000 00379nam a2200133 i 4500
001 183757
003 ES-MaACL
005 20230906221950.0
008 141009s1869 sp |||| | spa d
245 0 0 _aHistoria de una idea
_b: EspaƱa y Portugal.
260 _aMadrid :
_b[s.n.],
_c1869 (
_fImprenta de T. Fortanet)
300 _a64 p. ;
_c17 cm.
852 _aES-MaACL
_jT-288-F-4
999 _c183757
_d183757